Country was founded when?! - Statistics

General Stats
  • This quiz has been taken 12 times
  • The average score is 2 of 8
Answer Stats
Picture Answer % Correct
1776
91%
1949
36%
1707
27%
1541
18%
1516
9%
1715
0%
862
0%
970
0%
No matching quizzes found
Score Distribution
Percent of People with Each Score
Percentile by Number Answered
Your Score History
You have not taken this quiz